1828 1944 1579 1513 1574 1006 1056 1479 1555 1320 1588 1610 1050 1173 1437 1399 1477 1210 1126 1834 1333 1254 1218 1417 1051 1685 1316 1526 1184 1021 1291 1887 1763 1825 1821 1589 1498 1544 1576 1490 1697 1266 1469 1379 1491 1276 1821 1550 1259 1472 1033 1233 1905 1248 1737 1106 1913 1447 1164 1035 1226 1437 1474 1631 1361 1813 1163 1927 1823 1548 1912 1994 1026 1206 1267 1847 1554 1541 1270 1761 1274 1026 1620 1505 1127 1001 1707 1864 1436 1925 1311 1196 1054 1893 1909 1957 1227 1620 1937 BCNSPRNW ULIB Ver.6.0+V

เปลี่ยนเป็นภาษาไทย

Change to English
 แสดงรายละเอียดบรรณานุกรม
  กลับหน้าหลัก

Brief Record : Get Marc (ISO 2709) : E-mail record : QR code < ปิดหน้าต่าง
LEADER : 00000nam 2200000uu 4500
001    13399112140
003     ULIB
008    110627s2549||||th 000 0 tha d
020    9789749476433
090    นว.^bร387ล 2549
100 0  รัมย์
245 00 ลิขิตหัวใจในสวนรัก/^cรัมย์
250    พิมพ์ครั้งที่ 1
260    กรุงเทพฯ :^b1168 พับลิชชิ่ง,^c2549
300    364 หน้า
710 1  1168 พับลิชชิ่ง
945    ^p219^l0^i020305
995    ทศพร
999 ^a ใช้งานได้ทุกระบบ
รายการนี้ยังไม่มีแท็ก
คุณยังไม่ได้ล็อกอิน คุณสามารถมีกิจกรรมร่วมกับเว็บไซต์ได้ แต่ต้องล็อกอินก่อน ::
  ล็อกอิน

รายการสื่อสารสนเทศ

ลำดับที่ ประเภท เลขเรียก/บาร์โค้ด สถานที่ สถานะ
- ไม่พบข้อมูล -

รายการใกล้เคียง
    ผู้แต่ง [รัมย์]

BibComment


ยังไม่เคยถูกคอมเมนท์

คอมเมนท์ทรัพยากรรายการนี้
  คอมเมนท์: ลิขิตหัวใจในสวนรั..


 Copyright 2026. Bcnsprnw @Library